| 000 | 00851cam a22002535a 4500 | ||
|---|---|---|---|
| 001 | 1180698 | ||
| 005 | 20201128024208.0 | ||
| 008 | 970519t1998 nyua frb 001 0 eng d | ||
| 020 | _a007039055X | ||
| 020 | _a9780070390553 | ||
| 040 |
_aDLC _cDLC _dDLC _dEG-ScBUE _beng |
||
| 082 | 0 | 4 |
_a621.3810685 _222 _bELE |
| 245 | 0 | 0 |
_aElectronic systems quality management handbook / _ceditor Marsha Ludwig-Becker. |
| 246 | 1 | 4 | _aElectronics quality management handbook |
| 260 |
_aNew York : _bMcGraw-Hill, _cc.1998. |
||
| 300 |
_axix, 704 p. : _bill. ; _c24 cm. |
||
| 504 | _aIncludes bibliographical references and index. | ||
| 650 | 7 |
_aElectronic industries _xQuality control. _2BUEsh |
|
| 650 | 7 |
_aTotal quality management. _2BUEsh _92364 |
|
| 651 | _2BUEsh | ||
| 653 |
_bENGELC _cNovember2017 |
||
| 700 | 2 |
_aLudwig-Becker, Marsha, _eeditor. |
|
| 942 | _2ddc | ||
| 999 |
_c25684 _d25656 |
||